APEC Schools

The World of biology (Record no. 6883)

000 -LEADER
fixed length control field nam a22 7a 4500
005 - DATE AND TIME OF LATEST TRANSACTION
control field 20190116065722.0
008 - FIXED-LENGTH DATA ELEMENTS--GENERAL INFORMATION
fixed length control field 190116b xxu||||| |||| 00| 0 eng d
020 ## - IDENTIFIER FOR THE MANIFESTATION
Identifier for the Manifestation 9789814369718
Binding paperback
040 ## - CATALOGING SOURCE
Language of Cataloging eng
Transcribing Agency APEC Schools Library
Description Conventions rda
082 ## - DEWEY DECIMAL CLASSIFICATION NUMBER
Classification number C 570
Author's Number P845w 2012
100 ## - CREATOR
Preferred Name of the Person Postlethwait, John H.
245 ## - TITLE AND STATEMENT OF RESPONSIBILITY
Preferred Title Proper The World of biology
Statement of Responsibility/Parallel Statement of Responsibility John H. Postlethwait
-- Janet L. Hopson
250 ## - EDITION STATEMENT
Designation of Edition/Designation of a Named Revision of an Edition Philippine edition
264 ## - PUBLICATION STATEMENT
Place of publication, distribution, etc Ortigas Ave., Pasig City :
Publisher's Name/Parallel Publisher's Name Cengage Learning,
Copyright ©2012.
Date of Publication 2012.
300 ## - PHYSICAL DESCRIPTION
Extent 402 pages :
Illustrative Content illustrations ;
Dimensions 24 cm
336 ## - RDA CONTENT
Source rdacontent
Content Type text
337 ## - RDA MEDIA
Source rdamedia
Media Type unmediated
338 ## - RDA CARRIER
Source rdacarrier
Carrier Type volume
504 ## - BIBLIOGRAPHY, ETC. NOTE
Bibliography, etc Includes index.
600 ## - ADDED SUBJECT ACCESS POINT - PERSONAL NAME
Preferred Name of the Person Postlethwait, John H..
600 ## - ADDED SUBJECT ACCESS POINT - PERSONAL NAME
Preferred Name of the Person Hopson, Janet L.
650 ## - ADDED SUBJECT ACCESS POINT - TOPICAL TERM
Topical Term Biology
942 ## - ADDED ENTRY ELEMENTS (KOHA)
Source of Classification
Koha Item Type Books
Holdings
Library Site Location Shelving Location Source of Acquisition Full Classification Number Accession Number Koha Item Type
APEC C. Raymundo Library APEC C. Raymundo Library Circulation Institutional Fund C 570 P845w 2012 A07-0000187 Reference
APEC C. Raymundo Library APEC C. Raymundo Library Circulation Institutional Fund C 570 P845w 2012 A07-0000188 Reference
APEC C. Raymundo Library APEC C. Raymundo Library Circulation Institutional Fund C 570 P845w 2012 A07-0000189 Reference
APEC C. Raymundo Library APEC C. Raymundo Library Circulation Institutional Fund C 570 P845w 2012 A07-0000190 Reference
APEC C. Raymundo Library APEC C. Raymundo Library Circulation Institutional Fund C 570 P845w 2012 A07-0000191 Reference
APEC C. Raymundo Library APEC C. Raymundo Library Circulation Institutional Fund C 570 P845w 2012 A07-0000192 Reference
APEC C. Raymundo Library APEC C. Raymundo Library Circulation Institutional Fund C 570 P845w 2012 A07-0000193 Reference

Powered by Koha